| 000 | 00993nas a2200277 4500 | ||
|---|---|---|---|
| 001 | BR9210659 | ||
| 003 | BR-BrBNA | ||
| 005 | 20231205093415.0 | ||
| 007 | ta | ||
| 008 | 230509b bl.|||p| |||| 00| 00por d | ||
| 040 |
_aBR-BrBNA _bpor _cBiblioteca Nacional de Agricultura |
||
| 041 | _a(Pt) | ||
| 072 | _aL50 | ||
| 100 | 1 | _aChagas, A.M. | |
| 100 | 1 | _aTabarelli, Z. | |
| 100 | 1 | _aSimoes, S.R.M. | |
| 100 | 1 | _aAzzolin, E.L.C. | |
| 245 | 1 | _aAcao do extrato aquoso total da Stevia rebaudiana e seu esteviosideo sobre parametros renais de caes hidropenicos ou com sobrecarga hidrica | |
| 246 | 1 | _aEffects of total aquous extract of Stevia rebaudiana and its stevioside upon renal parameters in vagrant dogs and dogs with water overload | |
| 650 | _aCAO | ||
| 650 | _aSTEVIA | ||
| 650 | _aAPARELHO URINARIO | ||
| 773 | 0 |
_tRevista de Ciencias Biomedicas (Brazil) _xISSN 0101-322X _g(1990), v. 11 p. 1-11 _wBR9210659 |
|
| 909 |
_a202311 _bLúcia _c55 _dLúcia Elande |
||
| 942 |
_2AGRIS _n0 _cANA |
||
| 999 |
_c138125 _d138125 |
||